| 000 | 00796cam a22002653a 4500 | ||
|---|---|---|---|
| 001 | 25601 | ||
| 003 | PGUSA | ||
| 005 | 20140828083542.0 | ||
| 008 | 080526s2008||||xxu|||||s|||||000 | eng d | ||
| 040 |
_aPGUSA _beng |
||
| 042 | _adc | ||
| 050 | 4 | _aRM | |
| 100 | 1 |
_aHammond, William Alexander, _d1828-1900 |
|
| 245 | 1 | 0 |
_aFasting Girls : _bTheir Physiology and Pathology _h[electronic resource] / _cWilliam Alexander Hammond |
| 260 |
_bProject Gutenberg, _c2008 |
||
| 506 | _aPublic domain in the USA. | ||
| 516 | _aElectronic text | ||
| 653 | _aPsychology, Pathological | ||
| 653 | _aFasting | ||
| 653 | _aAnorexia in children | ||
| 653 | _aMedicine -- Case studies -- 1800-1900 | ||
| 830 | 0 |
_aProject Gutenberg _v25601 |
|
| 856 | 4 | 0 | _uhttp://www.gutenberg.org/ebooks/25601 |
| 942 | _cEB | ||
| 999 |
_c254856 _d254856 |
||